000 00903cam a2200301 i 4500
999 _c200129312
_d31659
001 200129312
003 TR-AnTOB
005 20230606113052.0
007 ta
008 130516e2007 tu 000 0
020 _a9758715275
040 _aTR-AnTOB
_beng
_cTR-AnTOB
_dTR-AnTOB
_erda
041 0 _atur
050 0 0 _aDR448
090 _aDR448
_b.B397 2007
100 1 _aBayrak, M. Orhan,
_d1926-
_eauthor
_988862
245 1 0 _aTürk tarihinden ibret dolu sayfalar :
_b(200 tarihi makale) /
_cM. Orhan Bayrak.
264 1 _aİstanbul:
_bBilge Karınca,
_c2007.
300 _a272 pages ;
_c21 cm.
336 _atext
_2rdacontent
_btxt
337 _aunmediated
_2rdamedia
_bn
338 _avolume
_2rdacarrier
_bnc
490 0 _aBilge Karınca ;
_v144
651 0 _aTurkey
_xHistory, Military
_926369
651 0 _aTürkiye
_xTarih, Askeri
_926368
942 _cBK
_2lcc